| 000 | 00684nam a2200229 a 4500 | ||
|---|---|---|---|
| 001 | 75688 | ||
| 003 | BD-RjUL | ||
| 005 | 20211209082728.0 | ||
| 008 | 190519s1988 ii ||||| |||| 00| 0 eng d | ||
| 035 | _a(BD-RjUL)75907 | ||
| 040 |
_aBD-RjUL _beng _cBD-RjUL |
||
| 041 | _aeng | ||
| 082 |
_223 _a658.15 _bKUF 1988 |
||
| 100 |
_aKuchhal, S. C. _9179894 |
||
| 245 | 1 | 0 |
_aFinancial management : _ban analytical and conceptual approach / _cS. C. Kuchhal |
| 250 | _a10th ed. | ||
| 260 |
_aAllahabad : _bChaitanya Pub. House, _c1988 |
||
| 300 |
_a631p. : _bill. ; _c23 cm. |
||
| 650 |
_aCorporations _xFinance. _9175109 |
||
| 650 |
_aFinancil management _9179907 |
||
| 942 |
_2ddc _cBK |
||
| 999 |
_c75688 _d75688 |
||